Szilveszteri kabaré

Elmentve itt :
Bibliográfiai részletek
Dokumentumtípus: Cikk
Megjelent: 1916-12-23
Sorozat:Délmagyarország 5 No. 305
Kulcsszavak:Színházi élet kabaré Szeged 1916
Online Access:http://dmarchiv.bibl.u-szeged.hu/58263
LEADER 00411nab a2200145 i 4500
001 delm58263
005 20180927144618.0
008 180927s1916 hu o 0|| hun d
040 |a SZTE Délmagyarország Archívum  |b hun 
041 |a hun 
245 0 0 |a Szilveszteri kabaré  |h [elektronikus dokumentum] 
260 |c 1916-12-23 
300 |a 8 
490 0 |a Délmagyarország  |v 5 No. 305 
695 |a Színházi élet kabaré Szeged 1916